Cône de lumière signature: Honkai Star Rail - Statistiques

Statistiques générales
  • Ce quiz a été pris 60 fois
    5 depuis la dernière actualisation
  • Le résultat moyen est 40 sur 53
Statistiques - réponses
Nom du cône de lumière Personnage % Correct
Doré est le fil du temps Aglaé
100%
L'enfer où brûlent les idéaux Archer
100%
Le temps n'attend pas Bailu
100%
Traversée impossible Blade
100%
Elle a déjà fermé les yeux Fu Xuan
100%
Nuit sur la voie lactée Himeko
100%
Jusqu'aux étoiles de l'Éternuitée Nocterna
100%
Écriture ninjutsu: Justice éblouissante Rappa
100%
Un couronnement sans joie Saber
100%
Le long de la rive Achéron
75%
Une vie forgée dans les flammes Anaxa
75%
Destin injuste Aventurine
75%
Le combat n'est pas terminé Bronya
75%
Des adieux encores plus beaux Castorice
75%
Une ère gravée dans le sang doré Cérydra
75%
Mensonges au gré du vent Cipher
75%
Quelque chose d'irremplaçable Clara
75%
Souvenir refaçonnés Cygne noir
75%
Éternel amour Cyrène
75%
Plus brillant que le soleil Dan Heng - Imbibitor Lunae
75%
Baptême de pure réflexion Dr Ratio
75%
La chasse est ouverte Feixiao
75%
Moment de victoire Gepard
75%
Nuit de l'épouvante Huohuo
75%
Éternels soient les arc-en-ciel Hyacine
75%
Ce pourquoi chantent les océans Hysilens
75%
L'espoir n'a pas de prix Jade
75%
Ma propre épée, je serai Jingliu
75%
L'impénétrable à portée de main La Grande Herta
75%
Le début d'une seconde vie Le Fossoyeur
75%
Essence de l'encens Lingsha
75%
Pluie incessante Louve d'argent
75%
Là où les rêves se reposent Luciole
75%
Échos du cerceuil Luocha
75%
Flamme de sang, illumine mon chemin Mydei
75%
Long est le chemin du retour Pérégrine
75%
Lumière nocturnes Robin
75%
Reflet du passé Ruan Mei
75%
Dans la nuit Seele
75%
Escapade terrestre Sparkle
75%
Ascension terrestre Sunday
75%
Inquiétude et soulagement Topaz et Compti
75%
Si le temps était une fleur Tribbie
75%
Au nom du monde Welt
75%
D'un sommeil de mort Yanqing
75%
Danse au crépuscule Yunli
75%
Moment de grâce Argenti
50%
Par-delà les paysages infinis Dan Heng - Permansor Terrae
50%
Avant l'aube Jing Yuan
50%
Juste de la patience Kafka
50%
Ainsi s'embrase l'aurore Phaénon
50%
Une flamme à graver Le Dahlia/Constance
25%
Le temps du printemps Jiaqiu
0%
Aucun quiz correspondant
Distribution des résultats
% des personnes avec chaque résultat
Percentile par nombre de réponses
Votre historique - résultats
Vous n’avez pas pris ce quiz depuis la dernière actualisation